LEADER 02039nam 2200553 450 001 9910704760403321 005 20130806162855.0 035 $a(CKB)5470000002444120 035 $a(OCoLC)855116776 035 $a(EXLCZ)995470000002444120 100 $a20130806d2012 ua 0 101 0 $aeng 135 $aurcn||||||||| 181 $ctxt$2rdacontent 182 $cc$2rdamedia 183 $acr$2rdacarrier 200 10$aAerospace fuels from nonpetroleum raw materials /$fBryan A. Palaszewski [and three others] 210 1$aCleveland, Ohio :$cNational Aeronautics and Space Administration, Glenn Research Center,$d[2012] 215 $a1 online resource (14 pages) $cillustrations 225 1 $aNASA/TM 2013-216492 300 $aTitle from title screen (viewed Aug. 6, 2013). 300 $a"February 2013." 300 $a"Prepared for the 51st Aerospace Sciences Meeting sponsored by the American Institute of Aeronautics and Astronautics, Grapevine, Texas, January 7-10, 2013." 300 $a"AIAA-2013-0591." 320 $aIncludes bibliographical references (pages 12-14). 606 $aRecycling$2nasat 606 $aResistojet engines$2nasat 606 $aWaste management$2nasat 606 $aMetabolic wastes$2nasat 606 $aAircraft fuels$2nasat 606 $aRenewable energy$2nasat 606 $aMaterials recovery$2nasat 615 7$aRecycling. 615 7$aResistojet engines. 615 7$aWaste management. 615 7$aMetabolic wastes. 615 7$aAircraft fuels. 615 7$aRenewable energy. 615 7$aMaterials recovery. 700 $aPalaszewski$b Bryan Alan Richard$01388221 712 02$aUnited States.$bNational Aeronautics and Space Administration, 712 02$aNASA Glenn Research Center, 712 12$aAIAA Aerospace Sciences Meeting$d(51st :$f2013 :$eGrapevine, Tex.) 801 0$bGPO 801 1$bGPO 906 $aBOOK 912 $a9910704760403321 996 $aAerospace fuels from nonpetroleum raw materials$93534239 997 $aUNINA LEADER 02439nam0 22005173i 450 001 PAL0092763 005 20251003044306.0 010 $a8815046356 020 $aIT$b95-2968 100 $a19940704d1994 ||||0itac50 ba 101 | $aita 102 $ait 181 1$6z01$ai $bxxxe 182 1$6z01$an 183 1$6z01$anc$2RDAcarrier 200 1 $aImparare l'Europa$fGiuseppe Mammarella 210 $aBologna$cIl mulino$d[1994] 215 $a118 p.$d21 cm 225 | $aContemporanea$v69 410 0$1001CFI0006117$12001 $aContemporanea$v69 606 $aEuropa$xUnificazione$2FIR$3CFIC003651$9E 606 $aComunità europee$2FIR$3CFIC014065$9E 606 $aEuropa$2FIR$3CFIC020476$9E 606 $aUnificazione$2FIR$3SBLC136920$9I 676 $a327.1$9POLITICA ESTERA E SOGGETTI SPECIFICI DELLE RELAZIONI INTERNAZIONALI$v14 676 $a327.17$9RELAZIONI INTERNAZIONALI. COOPERAZIONE INTERNAZIONALE$v20 676 $a327.17094$9RELAZIONI INTERNAZIONALI. Cooperazione internazionale. Europa$v20 676 $a327.17094$9COOPERAZIONE INTERNAZIONALE. Europa$v21 676 $a341.2422$9COMUNITA ECONOMICA EUROPEA (MERCATO COMUNE EUROPEO)$v19 676 $a341.2422$9DIRITTO INTERNAZIONALE. UNIONE EUROPEA$v21 676 $a341.750614$9DIRITTO INTERNAZIONALE IN MATERIA ECONOMICA. UNIONE EUROPEA$v21 676 $a940$9STORIA GENERALE DELL'EUROPA$v20 676 $a940.55$9STORIA GENERALE DELL'EUROPA, 1945-1999$v21 700 1$aMammarella$b, Giuseppe$f <1929- >$3CFIV014392$4070$0124405 801 3$aIT$bIT-000000$c19940704 850 $aIT-BN0095 $aIT-SA0112 $aIT-SA0002 $aIT-NA0299 $aIT-NA0079 901 $bNAP BN$cMAGAZZINO $nmagazzini correnti divisi per anni 901 $bNAP AE$cECONOMIA $n$ 901 $bNAP 84$cBIBLIOTECA$n$ 901 $bNAP 01$cPOZZO LIB.$nVi sono collocati fondi di economia, periodici di ingegneria e scienze, periodici di economia e statistica e altri fondi comprendenti documenti di economia pervenuti in dono. 901 $bNAP AG$cF.AVOLIO $n$ 912 $aPAL0092763 950 0$aBiblioteca Centralizzata di Ateneo$c1 v.$d 01POZZO LIB.ECON MON 7855$e 0101 0000110445E VMA 1 v. (Precedente collocazione: GUERRAZZI A 355)$fB $h20091214$i20091214 977 $a 01$a 84$a AE$a AG$a BN 996 $aImparare l'Europa$965480 997 $aUNISANNIO